<?xml version="1.0" encoding="UTF-8"?>
<record
    xmlns:xsi="http://www.w3.org/2001/XMLSchema-instance"
    xsi:schemaLocation="http://www.loc.gov/MARC21/slim http://www.loc.gov/standards/marcxml/schema/MARC21slim.xsd"
    xmlns="http://www.loc.gov/MARC21/slim">

  <leader>00999cam a22002651  4500</leader>
  <controlfield tag="001">gs 49000149 </controlfield>
  <controlfield tag="003">DLC</controlfield>
  <controlfield tag="005">20260227111355.0</controlfield>
  <controlfield tag="008">780906s1948    xx            000 0 eng c</controlfield>
  <datafield tag="010" ind1=" " ind2=" ">
    <subfield code="a">gs 49000149 </subfield>
  </datafield>
  <datafield tag="035" ind1=" " ind2=" ">
    <subfield code="a">(OCoLC)4201651</subfield>
  </datafield>
  <datafield tag="040" ind1=" " ind2=" ">
    <subfield code="a">U.S. Geol. Survey Libr.</subfield>
    <subfield code="c">ScCC</subfield>
    <subfield code="d">DLC</subfield>
  </datafield>
  <datafield tag="042" ind1=" " ind2=" ">
    <subfield code="a">premarc</subfield>
  </datafield>
  <datafield tag="050" ind1="0" ind2="0">
    <subfield code="a">QE117</subfield>
    <subfield code="b">.A22 no. 26</subfield>
  </datafield>
  <datafield tag="082" ind1=" " ind2=" ">
    <subfield code="a">563.12</subfield>
  </datafield>
  <datafield tag="100" ind1="1" ind2=" ">
    <subfield code="a">Pope, David E.</subfield>
    <subfield code="q">(David Elvin),</subfield>
    <subfield code="d">1920-</subfield>
  </datafield>
  <datafield tag="245" ind1="1" ind2="4">
    <subfield code="a">The Harang fauna of Louisiana,</subfield>
    <subfield code="c">by David E. Pope [and] D. Jeter Smith.</subfield>
  </datafield>
  <datafield tag="260" ind1=" " ind2=" ">
    <subfield code="a">Baton Rouge,</subfield>
    <subfield code="b">Dept. of Conservation, Louisiana Geological Survey,</subfield>
    <subfield code="c">1948.</subfield>
  </datafield>
  <datafield tag="300" ind1=" " ind2=" ">
    <subfield code="a">xi, 80 p.</subfield>
    <subfield code="b">illus., maps (part fold.)  tables (2 fold. in pocket)</subfield>
    <subfield code="c">23 cm.</subfield>
  </datafield>
  <datafield tag="490" ind1="1" ind2=" ">
    <subfield code="a">Louisiana. Dept. of Conservation. Geological bulletin</subfield>
    <subfield code="v">no. 26</subfield>
  </datafield>
  <datafield tag="504" ind1=" " ind2=" ">
    <subfield code="a">Bibliography: p. 74-76.</subfield>
  </datafield>
  <datafield tag="650" ind1=" " ind2="0">
    <subfield code="a">Foraminifera, Fossil</subfield>
    <subfield code="z">Louisiana.</subfield>
  </datafield>
  <datafield tag="700" ind1="1" ind2=" ">
    <subfield code="a">Smith, Denver Jeter,</subfield>
    <subfield code="d">1917-     ,</subfield>
    <subfield code="e">joint author.</subfield>
  </datafield>
  <datafield tag="810" ind1="2" ind2=" ">
    <subfield code="a">Louisiana Geological Survey.</subfield>
    <subfield code="t">Geological bulletin ;</subfield>
    <subfield code="v">no. 26.</subfield>
  </datafield>
  <datafield tag="999" ind1=" " ind2=" ">
    <subfield code="c">28381</subfield>
    <subfield code="d">28381</subfield>
  </datafield>
</record>
